Overseas investment by Malaysian companies in property and construction /
Saved in:
| Main Author: | |
|---|---|
| Format: | Thesis Book |
| Language: | English |
| Published: |
1997.
|
| Subjects: | |
| Online Access: | http://studentsrepo.um.edu.my/id/eprint/1298 |
| Tags: |
Add Tag
No Tags, Be the first to tag this record!
|
| LEADER | 01212cam a2200301 a 4500 | ||
|---|---|---|---|
| 001 | u415971 | ||
| 003 | SIRSI | ||
| 008 | 940809s1997 my a t 00 1 eng m | ||
| 035 | |a ACD-8670 | ||
| 040 | |a UMM | ||
| 043 | |a a-my--- |a d------ | ||
| 090 | |a HG5993 |b Loh | ||
| 091 | |a Microfiche 13594. | ||
| 100 | 1 | 0 | |a Loh, Guat Eong. |
| 245 | 1 | 0 | |a Overseas investment by Malaysian companies in property and construction / |c Loh Guat Eong. |
| 260 | |c 1997. | ||
| 300 | |a iv, 60 leaves [append.] : |b ill. ; |c 30 cm. | ||
| 500 | |a Microfiche. Kuala Lumpur : University of Malaya Library, 1998. 1 fiche : negative ; 11 x 15 cm. | ||
| 502 | |a Dissertation (M.B.A) -- Fakulti Ekonomi dan Pentadbiran, Universiti Malaya, 1997. | ||
| 504 | |a Bibliography: 59-60 leaves. | ||
| 650 | 0 | |a Investments, Malaysian |z Developing countries. | |
| 650 | 0 | |a Construction industry |z Developing countries. | |
| 650 | 0 | |a Real estate management |z Developing countries. | |
| 710 | 2 | 0 | |a Universiti Malaya. |b Fakulti Ekonomi dan Pentadbiran. |
| 856 | 4 | 1 | |u http://studentsrepo.um.edu.my/id/eprint/1298 |
| 948 | |a 17/09/1997 |b 06/06/2002 | ||
| 596 | |a 1 | ||
| 999 | |a HG5993 LOH |w LC |c 1 |i A507470366 |d 2/2/2008 |e 2/2/2008 |l STACKS |m P01UTAMA |n 3 |r Y |s Y |t TESIS |u 18/2/1998 | ||
